000 01170nam0a22002891 4500
001 rc\3781860
005 20260407080703.0
021 _aRU
_bРг1257-76
035 _a(NLR Aleph) 007231508
090 _a7728758
_c7728758
100 _a20120207d1975 |||y0rusy50 ca
101 0 _arus
102 _aRU
105 _aa b |||||
200 1 _aЛампы газоразрядные
_e[Каталог
210 _aМосква
_cБ. и.
_d[1975]
215 _a31 с.
_cил.
225 1 _aИнформэлектро
_v09.50.07-75
_iСветотехнические изделия
300 _aВзамен СИ-4 "Электр. источники света". Вып. 4 "Лампы газоразрядные"
311 _aПрил.: . Изменения и дополнения: № 1., 1976
421 0 _11010#$arus
_12001#$aИзменения и дополнения$e№ 1
_1210##$d1976
_1215##$a20 с.
_tИзменения и дополнения
712 0 2 _4475
_aВНИИ электромеханики
_9284356
_3RU\NLR\AUTH\886279
801 0 _aRU
_bNLR
_gpsbo
801 1 _aRU
_bELAR
_2rusmarc
852 _aNLR
_jПт 20/1-09.50.07.75
942 _cBOOK
980 _aNB